Aapatkal: Ek Diary Part- Two आपातकाल: एक डायरी भाग ೨ (Record no. 223045)
[ view plain ]
| 000 -LEADER | |
|---|---|
| fixed length control field | 00692nam a22001937a 4500 |
| 005 - DATE AND TIME OF LATEST TRANSACTION | |
| control field | 20240411144333.0 |
| 008 - FIXED-LENGTH DATA ELEMENTS--GENERAL INFORMATION | |
| fixed length control field | 220520b ||||| |||| 00| 0 eng d |
| 020 ## - INTERNATIONAL STANDARD BOOK NUMBER | |
| International Standard Book Number | 8181433599 |
| 040 ## - CATALOGING SOURCE | |
| Transcribing agency | AL |
| 041 ## - LANGUAGE CODE | |
| Language code of text/sound track or separate title | Hindi |
| 082 ## - DEWEY DECIMAL CLASSIFICATION NUMBER | |
| Edition number | 23 |
| Classification number | 320.954H |
| Item number | TANA |
| 100 ## - MAIN ENTRY--PERSONAL NAME | |
| Personal name | Bishan Tandon बिशन टंडन |
| 100 ## - MAIN ENTRY--PERSONAL NAME | |
| 9 (RLIN) | 159679 |
| 245 ## - TITLE STATEMENT | |
| Title | Aapatkal: Ek Diary Part- Two आपातकाल: एक डायरी भाग ೨ |
| Remainder of title | 16 अगस्त 1975 से 24 जुलाई 1976 |
| 260 ## - PUBLICATION, DISTRIBUTION, ETC. | |
| Place of publication, distribution, etc. | Delhi |
| Name of publisher, distributor, etc. | Vani Prakshana |
| Date of publication, distribution, etc. | 2005 |
| 300 ## - PHYSICAL DESCRIPTION | |
| Extent | 518 p. |
| Other physical details | HB |
| Dimensions | 22x14 cm. |
| 365 ## - TRADE PRICE | |
| Price amount | ₹500.00 |
| Currency code | ₹ |
| Unit of pricing | ₹500.00 |
| 700 ## - ADDED ENTRY--PERSONAL NAME | |
| Personal name | Tandon ( Bishan) टंडन (बिशन ) |
| 9 (RLIN) | 38328 |
| 942 ## - ADDED ENTRY ELEMENTS (KOHA) | |
| Source of classification or shelving scheme | Dewey Decimal Classification |
| Koha item type | George Fernandes Collections |
| Withdrawn status | Lost status | Source of classification or shelving scheme | Damaged status | Not for loan | Collection code | Home library | Current library | Date acquired | Total Checkouts | Full call number | Barcode | Date last seen | Price effective from | Koha item type |
|---|---|---|---|---|---|---|---|---|---|---|---|---|---|---|
| Dewey Decimal Classification | Hindi | St Aloysius Library | St Aloysius Library | 03/24/2013 | 320.954H TANA | GF02819 | 05/20/2022 | 05/20/2022 | George Fernandes Collections |